000 00749nam a2200229 a 4500
001 48235
003 BD-RjUL
005 20211209054502.0
008 160813s1992 ii ||||| |||| 00| 0 ben d
020 _c: Tk. 20.00
035 _a(BD-RjUL)48354
040 _aBD-RjUL
_bben
_cBD-RjUL
041 _aben
082 _223
_a891.441
_bKHC 1992
100 _aখান, লায়েক আলি
_9146090
245 1 0 _aছন্দ-প্রবাহ /
_cলায়েক আলি খান
260 _aকলকাতা :
_bসাহিত্যলোক,
_c১৯৯২
300 _a[৬], ৭৯ পৃ. ;
_c২২ সেমি.
650 _aবাংলা কবিতা
_9146091
650 _aBengali Poetry
_9146092
942 _2ddc
_cBK
999 _c48235
_d48235